00333nam a2200121Ia 4500008004100000041000800041082001400049100001700063245004500080260004500125300003200170365000900202240624s9999 xx 000 0 und d aeng a658.3 LUT aLUTHANS FRED aPSYCHOLOGICAL CAPITAL DEVELOPING THE HUM c2007aNew DelhibOxford University press aviii, : 246 : p. : cm. ; 24 cb30